| 000 | 004360000a22001810004500 | ||
|---|---|---|---|
| 003 | MACL | ||
| 005 | 20160108134232.0 | ||
| 008 | 160108b xxu||||| |||| 00| 0 eng d | ||
| 040 |
_aMACL _cMACL |
||
| 041 | _aEnglish | ||
| 082 | _a920/PAL | ||
| 100 |
_aBellow, Saul _910023 |
||
| 245 | _aMr Sammler's planet | ||
| 260 |
_bUniversal Book Stall _c1969 _aDelhi |
||
| 350 | _a15 | ||
| 650 |
_aBiography _929697 |
||
| 942 |
_cBK _k920/PLA _2ddc |
||
| 999 |
_c36253 _d36253 |
||